| 000 | 00750cab a2200229 4500 | ||
|---|---|---|---|
| 001 | WB3146-39 | ||
| 008 | 090401t1995 xxu||||| |||| 00| 0 eng d | ||
| 035 | _a(Sirsi) u45838 | ||
| 041 | _aeng | ||
| 245 | _aCommercial agent`s fine | ||
| 260 | _c1995 | ||
| 350 | _a0 | ||
| 490 |
_aProperty Week _v53(10) 7 December 1995, 10(1) |
||
| 520 | _aMcKenzie-Cairns is the first commercial agent to be convicted under the Property Misdescriptions Act 1991 for making misleading statements. | ||
| 650 | _aCOMMERCIAL AGENTS | ||
| 650 | _aFALSE REPRESENTATION | ||
| 650 | _aMISLEADING STATEMENTS | ||
| 650 | _aPROPERTY MISDESCRIPTIONS ACT 1991 | ||
| 690 | _aMANAGEMENT-BUSINESS MANAGEMENT-PROFESSIONAL PRACTICE | ||
| 942 | _n0 | ||
| 948 | _c04/03/1997 | ||
| 999 |
_c29001 _d29001 |
||